S17-1 駅名クイズ - 2000年の近鉄 ver. - Statistics

General Stats
  • This quiz has been taken 68 times
    21 since last reset
  • The average score is 140 of 349
Answer Stats
Answer % Correct
上本町
94%
近鉄日本橋
88%
近鉄難波
82%
布施
82%
近鉄名古屋
76%
河内永和
71%
石切
71%
生駒
71%
大和西大寺
71%
鶴橋
71%
今里
71%
伊賀神戸
71%
伊勢中川
71%
桑名
71%
近鉄四日市
71%
71%
東花園
65%
瓢箪山
65%
東生駒
65%
菖蒲池
65%
新大宮
65%
近鉄奈良
65%
王寺
65%
大和八木
65%
近鉄八尾
65%
五位堂
65%
桜井
65%
榛原
65%
青山町
65%
西青山
65%
東青山
65%
米野
65%
近鉄蟹江
65%
近鉄弥富
65%
近鉄長島
65%
近鉄富田
65%
白子
65%
65%
湯の山温泉
65%
伊賀上野
65%
学園前
59%
新石切
59%
京都
59%
天理
59%
久宝寺口
59%
河内山本
59%
河内国分
59%
二上
59%
大和高田
59%
大和朝倉
59%
名張
59%
伊賀上津
59%
榊原温泉口
59%
信貴山口
59%
近鉄八田
59%
伊勢朝日
59%
富洲原
59%
伊勢若松
59%
津新町
59%
久居
59%
鈴鹿市
59%
養老
59%
大垣
59%
59%
八戸ノ里
53%
枚岡
53%
額田
53%
東寺
53%
近鉄丹波橋
53%
新田辺
53%
平端
53%
田原本
53%
八木西口
53%
橿原神宮前
53%
西田原本
53%
新王寺
53%
高安
53%
大阪教育大前
53%
耳成
53%
長谷寺
53%
三本松
53%
赤目口
53%
桔梗が丘
53%
伊勢石橋
53%
黄金
53%
富吉
53%
53%
江戸橋
53%
桃園
53%
伊勢市
53%
宇治山田
53%
鳥羽
53%
賢島
53%
藤井寺
53%
道明寺
53%
尺土
53%
柏原
53%
富田林
53%
河内長野
53%
飛鳥
53%
吉野口
53%
吉野
53%
宝山寺
53%
生駒山上
53%
西桑名
53%
上野市
53%
揖斐
53%
内部
53%
河内小阪
47%
河内花園
47%
富雄
47%
信貴山下
47%
長田
47%
竹田
47%
桃山御陵前
47%
高の原
47%
西ノ京
47%
畝傍御陵前
47%
俊徳道
47%
長瀬
47%
弥刀
47%
近鉄下田
47%
大福
47%
室生口大野
47%
美旗
47%
川合高岡
47%
戸田
47%
佐古木
47%
新正
47%
海山道
47%
塩浜
47%
北楠
47%
平田町
47%
松阪
47%
五十鈴川
47%
大阪阿部野橋
47%
河堀口
47%
古市
47%
近鉄御所
47%
阿下喜
47%
若江岩田
41%
南生駒
41%
東山
41%
平群
41%
荒本
41%
吉田
41%
十条
41%
上鳥羽口
41%
三山木
41%
新祝園
41%
ファミリー公園前
41%
法善寺
41%
堅下
41%
安堂
41%
松塚
41%
烏森
41%
阿倉川
41%
川原町
41%
高田本山
41%
南が丘
41%
菰野
41%
明星
41%
朝熊
41%
池の浦
41%
志摩磯部
41%
鵜方
41%
河内松原
41%
土師ノ里
41%
二上神社口
41%
高田市
41%
富田林西口
41%
壺阪山
41%
下市口
41%
楚原
41%
西日野
41%
小倉
35%
大久保
35%
富野荘
35%
近鉄宮津
35%
九条
35%
近鉄郡山
35%
二階堂
35%
前栽
35%
恩智
35%
関屋
35%
築山
35%
真菅
35%
大三
35%
伏屋
35%
益生
35%
霞ヶ浦
35%
長太ノ浦
35%
千代崎
35%
鼓ヶ浦
35%
豊津上野
35%
大羽根園
35%
伊勢中原
35%
松ヶ崎
35%
斎宮
35%
中之郷
35%
志摩赤崎
35%
五知
35%
志摩神明
35%
河内天美
35%
二上山
35%
当麻寺
35%
橿原神宮西口
35%
柏原南口
35%
喜志
35%
忍海
35%
35%
六田
35%
大和上市
35%
吉野神宮
35%
鳥居前
35%
播磨
35%
多度
35%
西大垣
35%
北大垣
35%
池野
35%
赤堀
35%
菜畑
29%
一分
29%
萩の台
29%
伏見
29%
向島
29%
伊勢田
29%
平城
29%
尼ヶ辻
29%
黒田
29%
服部川
29%
箕田
29%
磯山
29%
千里
29%
白塚
29%
中川原
29%
伊勢松本
29%
伊勢川島
29%
中菰野
29%
東松阪
29%
漕代
29%
明野
29%
宮町
29%
沓掛
29%
北田辺
29%
今川
29%
矢田
29%
布忍
29%
浮孔
29%
坊城
29%
近鉄新庄
29%
薬水
29%
福神
29%
高安山
29%
穴太
29%
猪田道
29%
美濃松山
29%
駒野
29%
広神戸
29%
北神戸
29%
北池野
29%
美濃本郷
29%
日永
29%
追分
29%
小古曽
29%
元山上口
24%
勢野北口
24%
興戸
24%
狛田
24%
筒井
24%
新ノ口
24%
佐味田川
24%
大輪田
24%
高角
24%
24%
三日市
24%
櫛田
24%
小俣
24%
加茂
24%
白木
24%
上之郷
24%
針中野
24%
高見ノ里
24%
上ノ太子
24%
汐ノ宮
24%
岡寺
24%
霞ヶ丘
24%
馬道
24%
北大社
24%
比土
24%
下野代
24%
石津
24%
美濃山崎
24%
美濃津屋
24%
美濃高田
24%
美濃青柳
24%
東赤坂
24%
南日永
24%
24%
竜田川
18%
久津川
18%
寺田
18%
山田川
18%
結崎
18%
石見
18%
但馬
18%
箸尾
18%
池部
18%
船津
18%
松尾
18%
恵我ノ荘
18%
駒ヶ谷
18%
磐城
18%
滝谷不動
18%
市尾
18%
大阿太
18%
梅屋敷
18%
葛城登山口
18%
葛城山上
18%
西別所
18%
蓮華寺
18%
在良
18%
坂井橋
18%
七和
18%
六把野
18%
大泉東
18%
上笠田
18%
麻生田
18%
六石
18%
新居
18%
広小路
18%
桑町
18%
下深谷
18%
烏江
18%
大外羽
18%
友江
18%
笠縫
12%
穴川
12%
志摩横山
12%
高鷲
12%
川西
12%
越部
12%
長宮
12%
西大手
12%
茅町
12%
市部
12%
依那古
12%
丸山
12%
上林
12%
No matching quizzes found
Score Distribution
Percent of People with Each Score
Percentile by Number Answered
Your Score History
You have not taken this quiz since the last reset